| 000 | 00737nam a2200253 i 4500 | ||
|---|---|---|---|
| 001 | 69099 | ||
| 003 | ES-MaACL | ||
| 005 | 20240409175059.0 | ||
| 007 | t| | ||
| 008 | 040909s2004 sp ||||1| spa d | ||
| 020 | _a84-376-2152-6 | ||
| 080 | _a821.134.2-2"19"(082.2) | ||
| 245 | 0 | 0 |
_aTeatro breve entre dos siglos _b: antología / _cedición de Virtudes Serrano. |
| 250 | _a1ª ed. | ||
| 260 |
_aMadrid : _bCátedra, _c2004. |
||
| 300 |
_a438 p. ; _c18 cm. |
||
| 490 | 1 |
_aLetras hispánicas ; _v561 |
|
| 650 | 4 |
_aTeatro español- _yS.XX. _917356 |
|
| 700 | 1 |
_aSerrano, Virtudes. _9105725 |
|
| 830 | 0 | 0 |
_aLetras hispánicas ; _v561 _9235703 |
| 852 |
_aES-MaACL _jL-28097 _bR.134031 |
||
| 942 | _2udc | ||
| 999 |
_c69099 _d69099 |
||